000 00684nam a22001817a 4500
003 UA-OsUOA
001 15894
007 ta
008 20031210b un ||||| |||| 00| 0 ukr d
100 _aРачок П.
942 _cSA
040 _aUA-OsUOA
_cUA-OsUOA
_dUA-OsUOA
245 _aНа радість сусідам
_b[Про нар. самодіял. колектив Березнів. район. будинку культури . яким керує засл. працівник культури України Ф.Гощук]
300 _aС.3
955 _a0
773 0 _w0
_tВісті Рівненщини
_dРівне
_d2003
_g№87/24 жовт./
650 7 _aГощук Ф.
_2UDC
999 _c302059
_d302059